[Event "Copenhagen Ch"]
[Site "Copenhagen"]
[Date "1991.??.??"]
[Round "8"]
[White "Larsen, Steen Skovlund"]
[Black "Hamann, Svend"]
[Result "1/2-1/2"]
[WhiteElo "2295"]
[BlackElo "2380"]
[PlyCount "56"]
[EventDate "1991.??.??"]
[EventType "tourn"]
[EventRounds "9"]
[EventCountry "DEN"]
[EventCategory "3"]

1. d4 Nf6 2. c4 e6 3. Nf3 b6 4. a3 Bb7 5. Nc3 d5 6. cxd5 Nxd5 7. Qc2 Nd7 8. e4
Nxc3 9. bxc3 Be7 10. c4 c5 11. d5 exd5 12. exd5 Bf6 13. Rb1 O-O 14. Be2 Re8 15.
O-O Ne5 16. Be3 Bc8 17. Qd2 Bf5 18. Nxe5 Bxe5 19. Bd3 Qh4 20. g3 Qh3 21. Bxf5
Qxf5 22. Rbd1 h5 23. Qd3 Qh3 24. f4 Bd6 25. Bd2 Qg4 26. Rde1 h4 27. Kg2 g6 28.
a4 Rad8 1/2-1/2

[Event "Copenhagen Ch"]
[Site "Copenhagen"]
[Date "1991.??.??"]
[Round "4"]
[White "Larsen, Steen Skovlund"]
[Black "Thuesen, Mogens"]
[Result "0-1"]
[WhiteElo "2295"]
[BlackElo "2250"]
[PlyCount "84"]
[EventDate "1991.??.??"]
[EventType "tourn"]
[EventRounds "9"]
[EventCountry "DEN"]
[EventCategory "3"]

1. d4 Nf6 2. Nf3 e6 3. c4 c5 4. d5 exd5 5. cxd5 d6 6. Nc3 g6 7. Bf4 a6 8. a4
Bg7 9. e4 Bg4 10. Be2 Bxf3 11. Bxf3 Qe7 12. O-O Nbd7 13. e5 dxe5 14. d6 Qe6 15.
Bg5 Rb8 16. Re1 O-O 17. Qd2 b5 18. axb5 axb5 19. Ra6 Rb6 20. Rxb6 Nxb6 21. Bxf6
Bxf6 22. Ne4 Nc4 23. Qd5 Bd8 24. Qxe6 fxe6 25. b3 Nb2 26. Nxc5 Bb6 27. Ne4 Nd3
28. Re2 Rc8 29. h4 h5 30. Rd2 Nf4 31. g3 Nd5 32. Ng5 Nf6 33. Nxe6 e4 34. Bxe4
Nxe4 35. Rd5 Rc6 36. Nf4 Rxd6 37. Rxb5 Bxf2+ 38. Kg2 Bxg3 39. Nxg6 Rxg6 40. Kf3
Nf6 41. Rg5 Rxg5 42. hxg5 Nd5 0-1

[Event "Copenhagen Ch"]
[Site "Copenhagen"]
[Date "1991.??.??"]
[Round "6"]
[White "Larsen, Steen Skovlund"]
[Black "Hansen, Mads Smith"]
[Result "1/2-1/2"]
[WhiteElo "2295"]
[BlackElo "2345"]
[PlyCount "73"]
[EventDate "1991.??.??"]
[EventType "tourn"]
[EventRounds "9"]
[EventCountry "DEN"]
[EventCategory "3"]

1. Nf3 d6 2. d4 Nf6 3. c4 c6 4. Nc3 Bg4 5. e4 e6 6. Be2 Be7 7. d5 cxd5 8. cxd5
exd5 9. exd5 Bxf3 10. Bxf3 Nbd7 11. O-O O-O 12. Be3 Qa5 13. a3 Rfc8 14. Bd4 Qd8
15. Qb3 a6 16. Qxb7 Rcb8 17. Qc6 Rxb2 18. Ne4 Nxe4 19. Bxb2 Nec5 20. Rfe1 Rb8
21. Bc3 Rc8 22. Qxc8 Qxc8 23. Rxe7 Nd3 24. Rf1 Kf8 25. Re3 Qxc3 26. Be4 N7c5
27. Bxd3 Nxd3 28. Rd1 Qxa3 29. Rexd3 Qc5 30. g3 g6 31. Kg2 h5 32. h4 a5 33. Rf3
a4 34. Rdd3 Kg7 35. Rf4 Qb5 36. Rff3 Qc4 37. Rfe3 1/2-1/2

[Event "Copenhagen Ch"]
[Site "Copenhagen"]
[Date "1991.??.??"]
[Round "8"]
[White "Fries Nielsen, Niels Jorgen"]
[Black "Hansen, Mads Smith"]
[Result "1/2-1/2"]
[WhiteElo "2365"]
[BlackElo "2345"]
[PlyCount "81"]
[EventDate "1991.??.??"]
[EventType "tourn"]
[EventRounds "9"]
[EventCountry "DEN"]
[EventCategory "3"]

1. d4 e6 2. g3 Nf6 3. Bg2 d5 4. Nf3 Be7 5. O-O O-O 6. Bg5 Nbd7 7. c4 b6 8. cxd5
exd5 9. Nc3 Bb7 10. Rc1 Re8 11. Ne5 Nxe5 12. dxe5 Ne4 13. Nxe4 dxe4 14. Qxd8
Raxd8 15. Rxc7 Bxg5 16. Rxb7 Rxe5 17. Rxa7 f5 18. f3 Be3+ 19. Kh1 exf3 20. Bxf3
Ra5 21. Rxa5 bxa5 22. Bc6 g6 23. Rf3 Rd1+ 24. Kg2 Rg1+ 25. Kh3 Bd4 26. Ra3 Bxb2
27. Rxa5 h5 28. e4 Kg7 29. Rb5 Bf6 30. exf5 g5 31. Bf3 g4+ 32. Bxg4 hxg4+ 33.
Kxg4 Rd1 34. Kh5 Be7 35. h4 Rd8 36. Rb6 Ra8 37. Rb2 Kf6 38. Re2 Bc5 39. Rc2 Be7
40. Re2 Bc5 41. Rc2 1/2-1/2

[Event "Copenhagen Ch"]
[Site "Copenhagen"]
[Date "1991.??.??"]
[Round "6"]
[White "Fries Nielsen, Niels Jorgen"]
[Black "Clausen, Steen"]
[Result "1-0"]
[WhiteElo "2365"]
[BlackElo "2250"]
[PlyCount "81"]
[EventDate "1991.??.??"]
[EventType "tourn"]
[EventRounds "9"]
[EventCountry "DEN"]
[EventCategory "3"]

1. e4 g6 2. d4 Bg7 3. Nc3 c6 4. Nf3 d6 5. Be2 b5 6. a3 a6 7. O-O Nd7 8. h3 Bb7
9. Bf4 c5 10. d5 Ngf6 11. Nd2 O-O 12. Qc1 Nb6 13. a4 b4 14. Nd1 a5 15. c4 e6
16. Ne3 exd5 17. exd5 Qe7 18. Qc2 Rfe8 19. Bg5 Qf8 20. Rad1 Nbd7 21. b3 Re7 22.
Bd3 Rae8 23. Nf3 Bh6 24. Bh4 Bxe3 25. fxe3 Qh6 26. Bg5 Qh5 27. Qf2 Ne4 28. Bxe4
Rxe4 29. Nd2 f5 30. Nxe4 Rxe4 31. Bf4 Ne5 32. Qg3 Bc8 33. Rd2 Bd7 34. Rdf2 Be8
35. Bg5 Nf7 36. Bf6 Kf8 37. Rf4 Rxf4 38. exf4 Qe2 39. Re1 Qd2 40. Qe3 Qxe3+ 41.
Rxe3 1-0

[Event "Copenhagen Ch"]
[Site "Copenhagen"]
[Date "1991.??.??"]
[Round "2"]
[White "Fries Nielsen, Niels Jorgen"]
[Black "Bjerring, Kai"]
[Result "1/2-1/2"]
[WhiteElo "2365"]
[BlackElo "2330"]
[PlyCount "28"]
[EventDate "1991.??.??"]
[EventType "tourn"]
[EventRounds "9"]
[EventCountry "DEN"]
[EventCategory "3"]

1. Nf3 c5 2. b3 Nc6 3. Bb2 d5 4. e3 Nf6 5. Bb5 Qb6 6. Be2 g6 7. Nc3 Qd8 8. d4
cxd4 9. exd4 Bg7 10. O-O O-O 11. Ne5 e6 12. f4 Bd7 13. Bf3 Rc8 14. Re1 Ne7
1/2-1/2

[Event "Copenhagen Ch"]
[Site "Copenhagen"]
[Date "1991.??.??"]
[Round "4"]
[White "Fries Nielsen, Niels Jorgen"]
[Black "Danielsen, Henrik"]
[Result "1/2-1/2"]
[WhiteElo "2365"]
[BlackElo "2375"]
[PlyCount "86"]
[EventDate "1991.??.??"]
[EventType "tourn"]
[EventRounds "9"]
[EventCountry "DEN"]
[EventCategory "3"]

1. e4 e6 2. d4 d5 3. Nc3 Nf6 4. Bg5 dxe4 5. Nxe4 Be7 6. Bxf6 gxf6 7. c3 f5 8.
Ng3 c5 9. Nf3 Nc6 10. Bb5 Qb6 11. Bxc6+ Qxc6 12. O-O b5 13. a4 Bb7 14. axb5
Qxb5 15. Re1 Rg8 16. Ne5 cxd4 17. c4 Qb4 18. Qh5 Rg7 19. Qh6 Bf8 20. Qh4 a6 21.
f3 Qe7 22. Qxd4 Qc5 23. Qxc5 Bxc5+ 24. Kf1 Be7 25. Rad1 Rd8 26. Rxd8+ Bxd8 27.
b4 Be7 28. b5 axb5 29. cxb5 f6 30. Nc6 Kd7 31. Nh5 Rf7 32. Nf4 e5 33. Rd1+ Bd6
34. Nd5 Bxc6 35. bxc6+ Kxc6 36. Ne3 f4 37. Nf5 Rd7 38. g3 fxg3 39. hxg3 Bc5 40.
Rxd7 Kxd7 41. g4 Ke6 42. Ke2 Bf8 43. Ng3 Kd5 1/2-1/2

[Event "Copenhagen Ch"]
[Site "Copenhagen"]
[Date "1991.??.??"]
[Round "5"]
[White "Sorensen, Torben"]
[Black "Larsen, Steen Skovlund"]
[Result "1-0"]
[WhiteElo "2290"]
[BlackElo "2295"]
[PlyCount "111"]
[EventDate "1991.??.??"]
[EventType "tourn"]
[EventRounds "9"]
[EventCountry "DEN"]
[EventCategory "3"]

1. g3 d5 2. Nf3 Nf6 3. Bg2 e6 4. O-O c5 5. d4 Nc6 6. c4 cxd4 7. Nxd4 Be7 8. Nc3
O-O 9. cxd5 exd5 10. Bg5 h6 11. Be3 Re8 12. a3 Bg4 13. Qb3 Na5 14. Qa2 Nc4 15.
Nxd5 Nxe3 16. fxe3 Qd7 17. Rad1 Nxd5 18. Bxd5 Bf6 19. e4 Be6 20. Nf3 Rad8 21.
Rd2 Qc7 22. Bxe6 Rxd2 23. Bxf7+ Qxf7 24. Qxf7+ Kxf7 25. Nxd2 Ke6 26. Rb1 Rc8
27. Nf3 g5 28. e5 Be7 29. g4 h5 30. gxh5 g4 31. Ne1 Rh8 32. Nd3 Bg5 33. Rf1
Rxh5 34. Nf4+ Bxf4 35. Rxf4 Rxe5 36. Kf2 Rh5 37. Kg2 Re5 38. Kf2 Rh5 39. Rxg4
Rxh2+ 40. Rg2 Rh5 41. Rg4 Rc5 42. Rg6+ Kf5 43. Rg3 Ke4 44. Rg7 Rf5+ 45. Ke1 Rb5
46. Rg4+ Ke3 47. Rb4 Rxb4 48. axb4 Kd4 49. Kd2 Kc4 50. Ke3 b6 51. Kf4 Kxb4 52.
e4 Kc5 53. Ke5 a5 54. Kf6 Kd6 55. e5+ Kd7 56. Kf7 1-0

[Event "Copenhagen Ch"]
[Site "Copenhagen"]
[Date "1991.??.??"]
[Round "3"]
[White "Sorensen, Torben"]
[Black "Fries Nielsen, Niels Jorgen"]
[Result "1/2-1/2"]
[WhiteElo "2290"]
[BlackElo "2365"]
[PlyCount "23"]
[EventDate "1991.??.??"]
[EventType "tourn"]
[EventRounds "9"]
[EventCountry "DEN"]
[EventCategory "3"]

1. g3 Nf6 2. Bg2 d5 3. Nf3 c6 4. O-O g6 5. d4 Bg7 6. c4 O-O 7. cxd5 Nxd5 8. Nc3
Be6 9. Re1 Nd7 10. Nxd5 Bxd5 11. e4 Bc4 12. Qc2 1/2-1/2

[Event "Copenhagen Ch"]
[Site "Copenhagen"]
[Date "1991.??.??"]
[Round "8"]
[White "Sorensen, Torben"]
[Black "Clausen, Steen"]
[Result "1/2-1/2"]
[WhiteElo "2290"]
[BlackElo "2250"]
[PlyCount "139"]
[EventDate "1991.??.??"]
[EventType "tourn"]
[EventRounds "9"]
[EventCountry "DEN"]
[EventCategory "3"]

1. c4 g6 2. Nc3 Bg7 3. Nf3 d6 4. g3 c5 5. Bg2 Nc6 6. d3 a6 7. O-O Rb8 8. Bg5 b5
9. Qd2 h6 10. Bf4 b4 11. Nd1 e5 12. Be3 Nce7 13. Ne1 Nf5 14. f4 exf4 15. gxf4
Nxe3 16. Nxe3 Ne7 17. Kh1 O-O 18. Nd5 Nxd5 19. cxd5 a5 20. Rb1 a4 21. Nc2 Re8
22. Ne3 Qe7 23. Nc4 Ba6 24. e4 b3 25. a3 Bxc4 26. dxc4 Bd4 27. Rbe1 Qh4 28. Rf3
Kg7 29. f5 Be5 30. Bh3 g5 31. f6+ Kf8 32. Bf5 Bxf6 33. Ref1 g4 34. Bxg4 Qxg4
35. Qxh6+ Qg7 36. Qxf6 Qxf6 37. Rxf6 Rxe4 38. Rxf7+ Kg8 39. Rd7 Rf8 40. Rg1+
Kh8 41. Rxd6 Kh7 42. Rdg6 Rxc4 43. d6 Rd4 44. Rg7+ Kh8 45. R7g5 Rf7 46. Rh5+
Rh7 47. Rhg5 Rd7 48. Rxc5 R4xd6 49. Rh5+ Rh7 50. Ra5 Rg7 51. Rxa4 Rxg1+ 52.
Kxg1 Rd1+ 53. Kg2 Rd2+ 54. Kg3 Rxb2 55. Rb4 Rb1 56. Kh4 b2 57. Kh5 Kg7 58. Rb7+
Kf6 59. a4 Ra1 60. Rxb2 Rxa4 61. Rg2 Ra8 62. Rg6+ Kf7 63. h4 Rh8+ 64. Rh6 Kg7
65. Rxh8 Kxh8 66. Kg6 Kg8 67. h5 Kh8 68. h6 Kg8 69. h7+ Kh8 70. Kh6 1/2-1/2

[Event "Copenhagen Ch"]
[Site "Copenhagen"]
[Date "1991.??.??"]
[Round "1"]
[White "Sorensen, Torben"]
[Black "Hansen, Mads Smith"]
[Result "1/2-1/2"]
[WhiteElo "2290"]
[BlackElo "2345"]
[PlyCount "71"]
[EventDate "1991.??.??"]
[EventType "tourn"]
[EventRounds "9"]
[EventCountry "DEN"]
[EventCategory "3"]

1. Nf3 d6 2. c4 e5 3. Nc3 Bg4 4. d4 Nd7 5. g3 Bxf3 6. exf3 exd4 7. Qxd4 Ngf6 8.
Bg2 Be7 9. O-O O-O 10. b3 c6 11. Bb2 Re8 12. Rad1 Qb6 13. Ne4 d5 14. Qxb6 axb6
15. Bxf6 Nxf6 16. Nxf6+ Bxf6 17. cxd5 Rxa2 18. dxc6 bxc6 19. f4 Rc2 20. Rd6 Re6
21. Rxe6 fxe6 22. Bh3 Kf7 23. Re1 Bd4 24. Bxe6+ Kf6 25. Re4 Bxf2+ 26. Kg2 g6
27. Bd7 Kf7 28. Rc4 Rxc4 29. bxc4 Bc5 30. Bxc6 Kf6 31. Kf3 g5 32. Kg4 gxf4 33.
gxf4 h6 34. Bd7 Bd6 35. Bc8 Bc7 36. h3 1/2-1/2

[Event "Copenhagen Ch"]
[Site "Copenhagen"]
[Date "1991.??.??"]
[Round "7"]
[White "Thuesen, Mogens"]
[Black "Fries Nielsen, Niels Jorgen"]
[Result "0-1"]
[WhiteElo "2250"]
[BlackElo "2365"]
[PlyCount "102"]
[EventDate "1991.??.??"]
[EventType "tourn"]
[EventRounds "9"]
[EventCountry "DEN"]
[EventCategory "3"]

1. e4 d5 2. exd5 Qxd5 3. Nc3 Qa5 4. d4 Nf6 5. Bc4 Bg4 6. Nge2 e6 7. f3 Bf5 8.
g4 Bg6 9. h4 h6 10. Nf4 Bh7 11. Bd2 Qb6 12. d5 e5 13. Qe2 Nbd7 14. O-O-O O-O-O
15. Nd3 Qd4 16. Nb4 Nb6 17. Bb3 Qxb4 18. Nb5 Qe7 19. d6 Rxd6 20. Nxd6+ cxd6 21.
Bb4 Qc7 22. f4 exf4 23. g5 Ne4 24. gxh6 gxh6 25. Qg4+ Kb8 26. Rhe1 Rg8 27. Qxf4
d5 28. Qxc7+ Kxc7 29. Ba5 Kc6 30. Bxb6 Kxb6 31. Bxd5 Rg4 32. Bxf7 Rxh4 33. Rd7
Nc5 34. Rd8 Bg7 35. Rd6+ Kc7 36. Rd5 Ne4 37. Be8 Rg4 38. Rd7+ Kb6 39. Rd3 Rg2
40. Rb3+ Kc7 41. Rbe3 Bf6 42. Rxe4 Bg5+ 43. R4e3 Bxc2 44. b4 Bf5 45. Bf7 Rf2
46. a3 Bg4 47. Bd5 Be2 48. Kd2 Bc4+ 49. Kc3 Bxd5 50. R3e2 Rf3+ 51. Kd4 Kd6 0-1

[Event "Copenhagen Ch"]
[Site "Copenhagen"]
[Date "1991.??.??"]
[Round "9"]
[White "Thuesen, Mogens"]
[Black "Sorensen, Torben"]
[Result "0-1"]
[WhiteElo "2250"]
[BlackElo "2290"]
[PlyCount "80"]
[EventDate "1991.??.??"]
[EventType "tourn"]
[EventRounds "9"]
[EventCountry "DEN"]
[EventCategory "3"]

1. e4 c5 2. Nf3 e6 3. Nc3 a6 4. g3 b5 5. Bg2 Bb7 6. d3 d6 7. O-O Nf6 8. a3 Be7
9. Re1 O-O 10. e5 dxe5 11. Nxe5 Qb6 12. Bxb7 Qxb7 13. Qf3 Qxf3 14. Nxf3 Nc6 15.
Be3 Rfd8 16. a4 b4 17. Ne2 b3 18. c3 Rxd3 19. Nc1 Rd5 20. Nxb3 Rb8 21. Nfd2 Ng4
22. Rab1 Nxe3 23. fxe3 Ne5 24. Re2 h5 25. Kg2 Bg5 26. h3 h4 27. gxh4 Bxh4 28.
e4 Rd3 29. Nxc5 Rg3+ 30. Kh2 Rd8 31. Rf1 a5 32. Rf4 g5 33. Rff2 g4 34. Rg2 Nf3+
35. Nxf3 gxf3 36. Rxg3+ Bxg3+ 37. Kxg3 fxe2 38. Kf2 Rd2 39. b3 Rb2 40. h4 Kg7
0-1

[Event "Copenhagen Ch"]
[Site "Copenhagen"]
[Date "1991.??.??"]
[Round "2"]
[White "Thuesen, Mogens"]
[Black "Bang, Andreas"]
[Result "1-0"]
[WhiteElo "2250"]
[BlackElo "2340"]
[PlyCount "55"]
[EventDate "1991.??.??"]
[EventType "tourn"]
[EventRounds "9"]
[EventCountry "DEN"]
[EventCategory "3"]

1. e4 c6 2. d4 d5 3. Nd2 dxe4 4. Nxe4 Qc7 5. Bc4 Nf6 6. Qf3 Qa5+ 7. Bd2 Qf5 8.
Ng5 Nd5 9. Bd3 Qxf3 10. N1xf3 h6 11. Ne4 Bf5 12. c4 Nb6 13. b3 e6 14. O-O N8d7
15. a4 Be7 16. a5 Nc8 17. Rfd1 O-O 18. Bf4 g5 19. Bc7 a6 20. Ne5 Nxe5 21. dxe5
Bxe4 22. Bxe4 Bc5 23. Rd7 f5 24. exf6 Rxf6 25. Bg3 Rf7 26. Rad1 Ne7 27. Rxb7
Raf8 28. b4 1-0

[Event "Copenhagen Ch"]
[Site "Copenhagen"]
[Date "1991.??.??"]
[Round "5"]
[White "Thuesen, Mogens"]
[Black "Hansen, Mads Smith"]
[Result "1-0"]
[WhiteElo "2250"]
[BlackElo "2345"]
[PlyCount "71"]
[EventDate "1991.??.??"]
[EventType "tourn"]
[EventRounds "9"]
[EventCountry "DEN"]
[EventCategory "3"]

1. e4 e5 2. Nf3 Nc6 3. Bc4 Nf6 4. Ng5 d5 5. exd5 Na5 6. Bb5+ c6 7. dxc6 bxc6 8.
Be2 h6 9. Nh3 Bd6 10. d3 O-O 11. Nc3 Bf5 12. O-O Qd7 13. Kh1 Rad8 14. Ng1 Rfe8
15. Be3 Bb8 16. Qe1 Nb7 17. Rd1 Qc7 18. f4 Ng4 19. Bc1 exf4 20. Bxf4 Qxf4 21.
Rxf4 Bxf4 22. Qf1 Bxh2 23. Bxg4 Bxg4 24. Kxh2 Bxd1 25. Qxd1 Re6 26. Nf3 g6 27.
Qg1 c5 28. a3 a5 29. Qf2 Kg7 30. Qh4 f5 31. Qc4 Red6 32. Ne5 Kf6 33. Nb5 Re6
34. Nxg6 Nd6 35. Nxd6 Rexd6 36. Nf4 1-0